[Event "Imola op 3rd"]
[Site "Imola"]
[Date "2020.12.06"]
[Round "2"]
[White "Tomba, Ivan"]
[Black "Doric, Senad"]
[Result "1-0"]
[WhiteElo "2313"]
[BlackElo "2059"]
[PlyCount "91"]
[EventDate "2020.12.05"]
[EventType "swiss"]
[EventRounds "6"]
[EventCountry "ITA"]
[SourceTitle "CBM 199 Extra"]
[Source "ChessBase"]
[SourceDate "2021.01.31"]
[SourceVersion "1"]
[SourceVersionDate "2021.01.31"]
[SourceQuality "1"]

1. e4 e5 2. Nf3 Nc6 3. d4 exd4 4. Nxd4 Bc5 5. Be3 Nxd4 6. Bxd4 Bxd4 7. Qxd4 Qf6 8. e5 Qb6 9. Qxb6 axb6 10. Nc3 Ne7 11. Bc4 0-0 12. 0-0 Nc6 13. f4 Nd4 14. Nd5 Ra5 15. Rf2 b5 16. Bf1 c6 17. Ne7+ Kh8 18. Rd2 Ne6 19. f5 Nc7 20. Nxc8 Rxc8 21. Rxd7 Kg8 22. Rad1 Kf8 23. a3 Ra4 24. f6 gxf6 25. exf6 Nd5 26. Bxb5 Rf4 27. Bd3 Rxf6 28. Rxb7 h5 29. Rf1 Kg7 30. Rxf6 Kxf6 31. Kf2 h4 32. Bc4 Ke6 33. c3 Rf8 34. h3 Kd6 35. Bxd5 Kxd5 36. Rb4 Rh8 37. a4 c5 38. Rf4 c4 39. Rxf7 Rb8 40. Rf5+ Ke4 41. Rb5 Rf8+ 42. Kg1 Kd3 43. b3 Kxc3 44. bxc4 Kxc4 45. Rh5 Rf4 46. Rg5 1-0

[Event "Imola op2nd"]
[Site "Imola"]
[Date "2019.12.07"]
[Round "3"]
[White "Doric, Senad"]
[Black "Mrdja, Milan"]
[Result "0-1"]
[WhiteElo "2040"]
[BlackElo "2292"]
[PlyCount "84"]
[EventDate "2019.12.06"]
[EventType "swiss"]
[EventRounds "5"]
[EventCountry "ITA"]
[SourceTitle "CBM 193 Extra"]
[Source "ChessBase"]
[SourceDate "2020.01.31"]
[SourceVersion "1"]
[SourceVersionDate "2020.01.31"]
[SourceQuality "1"]

1. d4 g6 2. c4 Bg7 3. Nc3 c5 4. e3 Nf6 5. Nf3 0-0 6. Be2 cxd4 7. exd4 d5 8. 0-0 Nc6 9. c5 Ne4 10. Be3 f5 11. g3 Kh8 12. Ne1 e5 13. f3 exd4 14. fxe4 dxe4 15. Nc2 dxe3 16. Kg2 Qe7 17. Qd6 Be6 18. Nxe3 Rad8 19. Qxe7 Nxe7 20. Rfd1 Bd4 21. Nc4 Bxc5 22. Nb5 Nd5 23. Rac1 a6 24. Nc3 Nxc3 25. Rxc3 Rxd1 26. Bxd1 Rd8 27. Be2 Bd4 28. Rc2 Rc8 29. b3 b5 30. Na3 Bc5 31. Nb1 Kg7 32. Nd2 Bb4 33. Rxc8 Bxc8 34. Nf1 Bc5 35. a4 Bd7 36. axb5 axb5 37. Nd2 Kf6 38. Nb1 Bb4 39. Kf2 Ke5 40. Ke3 g5 41. Bh5 f4+ 42. Ke2 f3+ 0-1

[Event "ITA-ch semiblitz"]
[Site "Chianciano Terme"]
[Date "2018.04.02"]
[Round "2"]
[White "Dvirnyy, Danyyil"]
[Black "Doric, Senad"]
[Result "1-0"]
[WhiteElo "2537"]
[BlackElo "2123"]
[PlyCount "55"]
[EventDate "2018.04.02"]
[EventType "swiss (rapid)"]
[EventRounds "9"]
[EventCountry "ITA"]
[SourceTitle "CBM 183 Extra"]
[Source "ChessBase"]
[SourceDate "2018.04.19"]
[SourceVersion "1"]
[SourceVersionDate "2018.04.19"]
[SourceQuality "1"]

1. e4 e5 2. Nf3 Nf6 3. Nc3 d6 4. d4 exd4 5. Nxd4 Be7 6. g3 c5 7. Nde2 Nc6 8. Bg2 0-0 9. 0-0 Re8 10. h3 Bf8 11. b3 g6 12. Bg5 h6 13. Be3 Bg7 14. Qd2 Kh7 15. Rad1 Qa5 16. Qxd6 Nd7 17. Qd2 b5 18. Nd5 b4 19. c4 Nf8 20. Bxh6 Ne6 21. Bxg7 Kxg7 22. Qb2+ Ned4 23. Nxd4 Nxd4 24. Rxd4 cxd4 25. Qxd4+ Kh6 26. Qd2+ Kg7 27. a3 Qxa3 28. Qd4+ 1-0

[Event "Porto Sant Elpidio op 17th"]
[Site "Porto Sant Elpidio"]
[Date "2014.11.30"]
[Round "6"]
[White "Doric, Senad"]
[Black "Rinaudo, Sergio"]
[Result "0-1"]
[WhiteElo "1794"]
[BlackElo "2074"]
[PlyCount "80"]
[EventDate "2014.11.22"]
[EventType "swiss"]
[EventRounds "6"]
[EventCountry "ITA"]
[SourceTitle "EXT 2017"]
[Source "ChessBase"]
[SourceDate "2016.10.25"]
[SourceVersion "1"]
[SourceVersionDate "2016.10.25"]
[SourceQuality "1"]

1. d4 d5 2. c4 dxc4 3. Nc3 e5 4. d5 Nf6 5. Bg5 c6 6. e4 Bb4 7. Bxf6 Qxf6 8. Bxc4 Qg6 9. Qf3 Bg4 10. Qe3 0-0 11. Nf3 Bxf3 12. Qxf3 Nd7 13. dxc6 bxc6 14. 0-0 Bxc3 15. bxc3 Nc5 16. Rfe1 Rfd8 17. Qe3 Qd6 18. g3 a5 19. Red1 Qe7 20. Rab1 g6 21. Kg2 Kg7 22. Qf3 Rxd1 23. Rxd1 Rb8 24. Qe2 a4 25. h4 a3 26. Rd2 Na4 27. Qe3 Rb2 28. Rd1 Qc5 29. Qxc5 Nxc5 30. Rd6 Rxf2+ 31. Kg1 Nxe4 32. Rxc6 Rf3 33. Bd5 Rxg3+ 34. Kh2 Rg4 35. Rc7 Rxh4+ 36. Kg2 Rf4 37. c4 Nc3 38. Ra7 Nxd5 39. cxd5 Rd4 40. Rxa3 Rxd5 0-1

[Event "Porto Sant Elpidio op 17th"]
[Site "Porto Sant Elpidio"]
[Date "2014.11.29"]
[Round "4"]
[White "Medorini, Massimiliano"]
[Black "Doric, Senad"]
[Result "0-1"]
[WhiteElo "1890"]
[BlackElo "1794"]
[PlyCount "82"]
[EventDate "2014.11.22"]
[EventType "swiss"]
[EventRounds "6"]
[EventCountry "ITA"]
[SourceTitle "EXT 2017"]
[Source "ChessBase"]
[SourceDate "2016.10.25"]
[SourceVersion "1"]
[SourceVersionDate "2016.10.25"]
[SourceQuality "1"]

1. e4 e5 2. Nf3 Nf6 3. Bc4 Nxe4 4. Qe2 d5 5. Nxe5 Be7 6. d4 0-0 7. Bd3 Re8 8. Be3 f6 9. Nf3 Bd6 10. Nbd2 f5 11. g3 c5 12. 0-0-0 c4 13. Bxe4 fxe4 14. Ne5 Nc6 15. Bf4 Nxd4 16. Qe3 Nf5 17. Qc3 Qf6 18. Ng4 Qxc3 19. bxc3 Ba3+ 20. Kb1 Nxg3 21. Nh6+ gxh6 22. hxg3 Bg4 23. Rde1 h5 24. Nf1 Bf3 25. Rg1 Kf7 26. Ne3 Rad8 27. Nf5 Bc5 28. Nd4 Bg4 29. Kc1 Rg8 30. Kd2 Rg6 31. Rb1 b6 32. Rh1 Kg8 33. Rh2 Rf8 34. Nb5 Rf7 35. Nd4 a6 36. Ke1 b5 37. Kd2 Rb6 38. Rhh1 b4 39. Be3 Rfb7 40. Ne2 bxc3+ 41. Nxc3 d4 0-1

[Event "Porto Sant Elpidio op 17th"]
[Site "Porto Sant Elpidio"]
[Date "2014.11.22"]
[Round "1"]
[White "Di Donatantonio, Franco"]
[Black "Doric, Senad"]
[Result "1-0"]
[WhiteElo "2115"]
[BlackElo "1794"]
[PlyCount "81"]
[EventDate "2014.11.22"]
[EventType "swiss"]
[EventRounds "6"]
[EventCountry "ITA"]
[SourceTitle "EXT 2017"]
[Source "ChessBase"]
[SourceDate "2016.10.25"]
[SourceVersion "1"]
[SourceVersionDate "2016.10.25"]
[SourceQuality "1"]

1. d3 d5 2. Nd2 Nf6 3. e4 e5 4. Ngf3 Nc6 5. Be2 dxe4 6. dxe4 Bc5 7. 0-0 0-0 8. c3 a6 9. Qc2 Bg4 10. Nc4 Re8 11. Be3 Qe7 12. b4 Bxe3 13. Nxe3 Bxf3 14. Bxf3 g6 15. Rfe1 Qe6 16. Nd5 Rac8 17. Rad1 Ne7 18. Qe2 Nexd5 19. exd5 Qd6 20. a3 e4 21. Bg4 Rcd8 22. c4 Qe5 23. Bh3 Qc3 24. Ra1 h5 25. g3 h4 26. Bg2 hxg3 27. hxg3 Kg7 28. Rec1 Qe5 29. Ra2 Qg5 30. Qe1 Qh5 31. Qc3 Qg4 32. Re1 Rd6 33. Rae2 Kg8 34. Qa1 Qg5 35. Bxe4 Nxe4 36. Rxe4 Rxe4 37. Rxe4 Rd8 38. Rh4 f6 39. Qe1 Rf8 40. Qe6+ Rf7 41. Qh3 1-0